Interculturalidad y colonialidad del oder. Un pensamiento y posicionamiento otro desde la diferencia colonial /
La autora reflexiona sobre la necesidad de un pensamiento descolonial, desarrollando en este capítulo todas las categorías de este tipo de planteamiento epistémico.
保存先:
| 第一著者: | |
|---|---|
| フォーマット: | テキスト |
| 主題: | |
| タグ: |
タグ追加
タグなし, このレコードへの初めてのタグを付けませんか!
|
MARC
| LEADER | 00000 a a2200000 04500 | ||
|---|---|---|---|
| 001 | 40197 | ||
| 003 | |||
| 040 | |||
| 100 | |a Walsh, Catherine | ||
| 245 | |a Interculturalidad y colonialidad del oder. Un pensamiento y posicionamiento otro desde la diferencia colonial / |c Catherine Walsh | ||
| 520 | |a La autora reflexiona sobre la necesidad de un pensamiento descolonial, desarrollando en este capítulo todas las categorías de este tipo de planteamiento epistémico. | ||
| 650 | |a 1.CULTURA | ||
| 650 | |a 2.CONOCIMIENTO | ||
| 650 | |a 3.EPISTEMOLOGIA | ||
| 650 | |a 4.PLURALISMO CULTURAL | ||
| 773 | |g páginas 21-70 | ||
| 999 | |c 27287 |d 27287 | ||
